[Event "Cornella de Llobregat op"]
[Site "Cornella de Llobregat"]
[Date "2017.05.15"]
[Round "5"]
[White "Espinosa Garcia, Carles"]
[Black "Garnica Nebot, Francesco"]
[Result "0-1"]
[WhiteElo "1735"]
[BlackElo "2023"]
[PlyCount "120"]
[EventDate "2017.04.03"]
[EventType "swiss"]
[EventRounds "7"]
[EventCountry "ESP"]
[SourceTitle "EXT 2018"]
[Source "ChessBase"]
[SourceDate "2017.10.13"]
[SourceVersion "1"]
[SourceVersionDate "2017.10.13"]
[SourceQuality "1"]

1. e4 d6 2. d4 Nf6 3. Nc3 g6 4. Nf3 c6 5. Be2 Bg7 6. 0-0 0-0 7. Be3 b5 8. a3 a6 9. h3 Qc7 10. Bd3 Nbd7 11. Ne2 c5 12. c3 Bb7 13. Ng3 h6 14. Qd2 Kh7 15. Rac1 e5 16. d5 c4 17. Bc2 Nc5 18. Qd1 Rac8 19. Re1 a5 20. Ra1 Ra8 21. Re2 Rfb8 22. Rd2 Nfd7 23. Nh4 Qd8 24. Nf3 Ba6 25. Re2 b4 26. Bd2 bxa3 27. bxa3 Nb3 28. Rb1 Qc7 29. Re1 a4 30. Ne2 Qc5 31. Bxb3 cxb3 32. Qc1 Bd3 33. Be3 Qb5 34. Rb2 Rc8 35. Ng3 Nb6 36. Bxb6 Qxb6 37. Re3 Ba6 38. Nd2 Rc7 39. Nb1 Rac8 40. Ne2 h5 41. Qe1 Bh6 42. Rf3 Kg7 43. Kh1 Rf8 44. Ng3 h4 45. Nf1 Bc8 46. Ne3 Bf4 47. Qf1 Ba6 48. Qe1 Kh7 49. g3 Bg5 50. Ng2 hxg3 51. fxg3 Kg7 52. Qg1 Qb8 53. Qe1 Qc8 54. Kh2 Rh8 55. h4 Qg4 56. Rff2 Bc8 57. Kg1 Bd8 58. Qe3 Rb7 59. Qf3 Bb6 60. Qxg4 Bxg4 0-1